Policies and guidelines on issue/offer of securities

Bibliographic Details
Corporate Author: Suruhanjaya Sekuriti
Format: Book
Language:English
Published: Kuala Lumpur : Suruhanjaya Sekuriti 2003
Subjects:

MARC

LEADER 00000cam a2200000 7i4500
001 0000016394
005 20241028.0
008 060328 my eng
040 |a INS   |b eng   |e rda 
090 0 0 |a HG4244.66   |b .S43 2003 
110 1 |a Suruhanjaya Sekuriti 
245 1 0 |a Policies and guidelines on issue/offer of securities 
264 1 |a Kuala Lumpur :   |b Suruhanjaya Sekuriti   |c 2003 
300 |a 1 v. (various pagings) ;   |c 31 cm. 
336 |a text  |2 rdacontent 
337 |a unmediated  |2 rdamedia 
338 |a volume  |2 rdacarrier 
650 0 |a Corperations   |x finance   |z Malaysia 
650 0 |a Securities   |z Malaysia 
999 |a 0000016430   |b BOOK   |c Open Shelf   |e Default branch 
999 |a 0000016431   |b BOOK   |c Open Shelf   |e Default branch 
999 |a 0000016432   |b BOOK   |c Open Shelf   |e Default branch